000 00796nab a2200241u 4500
001 12445
003 HDC
007 c| |||a|c|aaaa
008 210209b99999999my ||||o |||| 00| 0 eng d
040 _aHDC
100 _aRoss Livingston /
_eauthor
_913047
245 0 _aTradicao Brazilian Steakhouse Goes Halal /
_cRoss Livingston
336 _atext
_2rdacontent
337 _acomputer
_2rdamedia
338 _aonline resource
_2rdacarrier
650 _ahalal meat
_91025
650 _aTradicao Brazilian Steakhouse
_913048
710 _aHoustonia Magazine
856 _zRequest full-text at [email protected]
942 _2lcc
942 _cNEWS
942 _kNWS0 001024
999 _c9768
_d9768